Регионална библиотека "Любен Каравелов" - Русе

Закон за наследството (Запис номер 201604)

MARC детайли
000 -Лидер
Контролно поле с фиксирана дължина 02043nam a2200373 c 4500
003 - Код на организацията, давaща контролен номер
Контролно поле BLK
005 - Дата и час на последна редакция
Контролно поле 20250423143709.0
008 - Елементи от данни с фиксирана дължина
fixed length control field 180411b bul|||||r ||||||| ||bul||
010 ## - Наследен системен номер
LC control number KNG00211047000
020 ## - Международен стандартен номер на книга ISBN
Международен стандартен номер на книга ISBN 978-954-608-245-9
040 ## - Източник на каталожния запис
Идентификатор на билиотеката - собственик на записа BLK
041 ## - Код за език
Код за езика на текст/звукозапис или на отделно заглавие Български
Код за езика КДБФ Български
072 #7 - Код за тематичната категория
Код организация bullib
Код за тематична категория Н35
Текст Обществено управление. Военни науки Н
080 ## - УДК
Текстов определител УДК Основни задачи на общественото управление
УДК код - определител по УДК 351
УДК определител :347.65(497.2)(094.57.072)
УДК - код + определител 351:347.65(497.2)(094.57.072)
100 1# - Редна дума - Автор
Автор Цанкова, Цанка Тодорова
Авторска отговорност първи автор
R(LIN) 373560
139 ## - Редно поле
Редна дума Закон за наследството
Авторски знак Закон - З 27
245 10 - Сведения за заглавието
Заглавие Закон за наследството
Подзаглавни данни Научноприл. коментар ; Проблеми на правоприл. ; Анализ на съд. практика ; Нормат. текст.
Редно поле (дума) Цанка Тодорова Цанкова.
257 ## - Страна на издаване
Страна на създаване/издаване България
260 ## - Област на издателските данни
Име на издателя, разпространителя и проч. Труд и право
-- МТ-студио
Година на издаване 2016
Печатница Костинброд : Мултипринт
300 ## - Физическа характеристика
Страници 768 с.
Размери/Мащаб 25 см
380 ## - Жанр
Жанр Обществени науки
500 ## - Общи забележки
Забележка Името на ред. отбелязано на гърба на загл. с. ; Името на авт. на предг. отбелязано на с. 20. - Други авт.: Екатерина Матеева, Методи Марков, Веселин Петров, Димитър Танев, Иван Георгиев. - Информ. към 21.11.2016. - Биогр. данни за авт. отбелязани на гърба на кор.
650 #4 - Допълнително описание по предмет – тема
Основно описание – тема или топоним Наследствено право - България - наръчници и ръководства
9 (RLIN) 245231
653 ## - Ключова дума – ненормативна
Ключова дума наследствено право
659 ## - Тематичен бюлетин
Тематичен бюлетин Н
852 ## - Местоположение
Форматна сигнатура Цб 286816
856 4# - Електронен адрес и достъп
Електронен формат pdf - файл
856 4# - Електронен адрес и достъп
Електронен формат pdf - файл
999 ## - СИСТЕМНИ КОНТРОЛНИ НОМЕРА
Koha biblionumber 201604
Koha biblioitemnumber 201604
942 ## - АРТИКУЛИ
Вид на библиотечния материал Книги
Скрит в OPAC Не
Koha issues (borrowed), all copies 7
944 ## - СЪЗДАВАНЕ И РЕДАКЦИЯ на ЗАПИСА
Създаване/Редакция Създаване
Дата на регистрацията/редакция 10.08.2017
Служител, извършил регистрацията/редакцията 30552
Статус, дата на статуса Виолета Тройчева
944 ## - СЪЗДАВАНЕ И РЕДАКЦИЯ на ЗАПИСА
Създаване/Редакция Редакция
Дата на регистрацията/редакция 15.09.2017
Служител, извършил регистрацията/редакцията Грета_Цуфелде
999 ## - СИСТЕМНИ КОНТРОЛНИ НОМЕРА
Koha biblioitemnumber 201604
999 ## - СИСТЕМНИ КОНТРОЛНИ НОМЕРА
Koha biblioitemnumber 201604
Наличности
Код за отписване Код за изгубен артикул Код за повреда Коз за рестрикции Код за отдаване Артикулен № Име на библиотеката - собственик Име на библиотеката, в която се намира в момента Статус (Текущо местоположение) Дата на вписване в системата Местоположение - отдел Цена в лева Инвентарен номер Систематично азбучна сигнатура Баркод Номер на екземпляра Цена в евро Служебна бележка Служебен тип на артикула Източник на класификационната схема
  Не е изгубен Не е повреден без рестрикции ползва се в читалня 349013 Регионална библиотека "Любен Каравелов" Русе Регионална библиотека "Любен Каравелов" Русе Хранилище 2017-08-16 Хранилище 60.00 120000814257 Цб 286816 120000814257 1 30.68 Дост: Dp Вид: Д N: 29 Дата: 21.06.2017 Книги  
  Не е изгубен Не е повреден   заемане за дома 730621 Регионална библиотека "Любен Каравелов" Русе Регионална библиотека "Любен Каравелов" Русе Заемна - подръчен фонд 2019-07-16 Заемна - подръчен фонд 60.00   П 351/З 27 120000834162   30.68   Книги Universal Decimal Classification
Vip Innovations Ltd, Rousse, Bulgaria 2025